000 00681nam a2200217Ia 4500
003 OSt
005 20220923221713.0
006 a|||||r|||| 00| 0
007 ta
008 220922b |||||||| |||| 00| 0 hin d
024 _a199,486
037 _cTextual
040 _aARTS
_cARTS
_bhin
041 _2hin
_ahin
082 _aQ1:24:1, 152J1
100 _aउत्तात्रेय देव, शंकर
_9160504
245 0 _aउपनिषद्ों कीं कथायें
246 _aUpaniṣhadoan kīan kathāyean
942 _hQ1:24:1, 152J1
_cTEXL
_2CC
999 _c351226
_d351226